| 000 | 00737pam a2200265 i 4500 | ||
|---|---|---|---|
| 001 | 7656 | ||
| 003 | BD-RjUL | ||
| 005 | 20211208234442.0 | ||
| 008 | 140115s1977 nyua b 001 0 eng | ||
| 020 | _a0070423725 | ||
| 035 | _a(BD-RjUL)7700 | ||
| 040 |
_aDLC _cDLC _dBD-RjUL _beng |
||
| 041 | _aeng | ||
| 082 | 0 | 0 |
_a519.5 _bMIS 1977 |
| 100 | 1 |
_aMills, Richard L., _d1941- _923874 |
|
| 245 | 1 | 0 |
_aStatistics for applied economics and business / _cby Richard L. Mills. |
| 260 |
_aNew York : _bMcGraw-Hill, _cc1977. |
||
| 300 |
_axvi, 618 p. : _bill. ; _c24 cm. |
||
| 504 | _aIncludes index. | ||
| 504 | _aBibliography: p. 610-612. | ||
| 650 | 0 |
_aStatistics. _923875 |
|
| 942 |
_2ddc _cBK |
||
| 999 |
_c7656 _d7656 |
||